000 02649nam a22002777a 4500
001 1357
005 20250528095456.0
020 _a9789924340072
040 _aFISKH
_beng
_cFISKH
_dFISKH
082 _2371.91
100 _aGeystelen, Judit Van
245 _aលក្សី្មមិនអាចរត់ និងលោតបានតែ... Leaksmee cannot run and jump, yet... /
_cគំនិតផ្ដួចផ្ដើម និងរៀបរៀងអត្ថបទ Project Initiative and Text Judit van Geystelen - រូបថត Photography Ung Nita - បកប្រែពីភាសាអង់គ្លេសដោយ អ៊ូច សូលីដា Translation from English by Ouch Solida
250 _aបោះពុម្ពលើកទី ៤ ខែមិថុនា​ ឆ្នាំ ២០២២
260 _aPhnom Penh :
_bSipar,
_c2022.
300 _a31 pages :
_bcolor illustrations ;
_c18 x 25 cm
505 _aP
520 _aលក្ស្មីមានអាយុ ៨ឆ្នាំ ហើយរស់នៅប្រទេសកម្ពុជា។ នាងចូលចិត្តលេងជាមួយប្អូនៗ និងមិត្តភក្ដិនៅសាលាណាស់។ ពេលនាងធំឡើង នាងចង់ក្លាយជាអ្នករចនាម៉ូតម្នាក់! ដូចជាក្មេងដ៏ទៃដែរ លក្ស្មីមានភាពរីករាយក្នុងជិវីត និងមានក្ដីសង្ឃឹមអំពីអនាគតរបស់នាង។ ប៉ុន្តែ លក្ស្មីមានអ្វីដែលខុសគេ គឺនាងរស់នៅជាមួយនឹងពិការភាព ហើយនាងមិនអាចគ្រប់គ្រងចលនានាងបានឡើយ។
520 _aLeaksmee is 8 years old and lives in Cambodia. She likes to play with her little sisters and her friends at school. When grow up she would like to become a fashion designer! Like most children of her age, leaksmee enjoys life and has dream about her future. Yet, something is different about Leaksmee. She lives with a disability, she cannot control her movements smoothly.
521 _a600
_bLexile estimate
521 _aP
_bRaz-Plus
650 _aពិការភាព
_vក្ដីសុបិន្ត
_xមិនអាចគ្រប់គ្រង
_y
650 _aDisability
_vDream
_xCannot control
700 _aNita, Ung
_cillustrator
700 _aSolida, Ouch
_cTranslator
942 _2ddc
_cBK
_n0
999 _c1357
_d1357